| 000 | 01356cad a22002895a 4500 | ||
|---|---|---|---|
| 001 | L144556 | ||
| 008 | 070828s2008 xxkd f s 000 0 eng d | ||
| 035 | _a(Sirsi) u144556 | ||
| 041 | 0 | _aeng | |
| 050 | 0 | 4 | _a333.33 $2 18 |
| 100 | 1 | _aTopintzi, Ermina | |
| 245 | 0 | 0 |
_aEuropean property cycle monitor _bJuly 2008 _h[electronic resource] |
| 260 |
_aLondon _bRREEF _c2008 |
||
| 490 | 0 |
_aEuropean Property Cycle Monitor _vJuly 2008 |
|
| 520 | _aReports that the European office market grew strongly in 2007, but expects 2008 to see a slowdown in the rate of growth. Finds that European shopping centres face several challenges; profits are under pressure and there is some oversupply. The rental growth outlook is positive, but weak. Reports that the growth prospect for the Western European industrial market is weak, whilst oversupply remains the biggest risk in other Central and Eastern European markets. | ||
| 590 | _aKA | ||
| 650 | 2 | 4 | _aEUROPEAN PROPERTY CYCLE MONITOR |
| 651 | 4 | _aEurope | |
| 690 | _aPROPERTY-COMMERCIAL PROPERTY-COMMERCIAL PROPERTY MARKET | ||
| 700 | 1 | _aVaeth, Maren | |
| 700 | 1 | _aLowik, Lonneke | |
| 700 | 1 | _aChin, Henry | |
| 700 | 1 | _aHobbs, Peter | |
| 710 | 2 |
_aDeutsche Bank _bRREEF _bReal Estate Research _95322 |
|
| 856 | 4 | 0 |
_uhttps://www.rreef.com _zView the report free of charge at www.rreef.com... |
| 942 | _n0 | ||
| 999 |
_c108544 _d108544 |
||